[Event "65 Otwarte Mistrzostwa Woj. Kujawsko-Pomorskiego - Grupa A (Fide od 1700)"]
[Site "Szubin, ul. Kcynska 13 (Szubinski Dom Kultury)"]
[Date "2012-08-15"]
[Round "3.7"]
[White "Sliwicki, Damian"]
[Black "Kroczka, Gromoslaw"]
[Result "1/2-1/2"]
[WhiteTitle "I"]
[BlackTitle "II"]
[WhiteElo "1994"]
[BlackElo "1571"]

1. e4 c5 2. Nf3 Nc6 3. d4 cxd4 4. Nxd4 Nf6 5. Nc3 e5 6. Ndb5 d6 7. a4 a6 8. Na3
Bg4 9. f3 Be6 10. Bc4 Nb4 11. Bg5 Be7 12. Bxf6 Bxf6 13. Nd5 Nxd5 14. Bxd5 Qa5+
15. c3 Bxd5 16. Qxd5 Qxd5 17. exd5 Rc8 18. Ke2 Kd7 19. Rhd1 g6 20. Kd3 Bg7 21.
Nc4 Rc5 22. b4 Rxd5+ 23. Ke4 Ke6 24. Rxd5 f5+ 25. Ke3 Kxd5 26. Na5 b5 27. axb5
axb5 28. Rd1+ Ke6 29. Nb7 Bf8 30. Ra1 Kd5 31. Ra6 Be7 32. Rb6 Rb8 33. g3 h5 34.
f4 e4 35. h3 Bf8 36. Ke2 Be7 37. Kd2 Bf8 38. Ke2 Bg7 39. Kf2 Bf8 40. Ke3 Bg7 41.
Kd2 Bf8 42. Ke2 Bg7 43. Ke3 Bf8 44. h4 Bg7 45. Ke2 Bf8 1/2-1/2

[Event "65 Otwarte Mistrzostwa Woj. Kujawsko-Pomorskiego - Grupa A (Fide od 1700)"]
[Site "Szubin, ul. Kcynska 13 (Szubinski Dom Kultury)"]
[Date "2012-08-15"]
[Round "3.8"]
[White "Mlodzinska, Irena"]
[Black "Szybowicz, Piotr"]
[Result "1/2-1/2"]
[WhiteTitle "I+"]
[BlackTitle "I"]
[WhiteElo "1916"]
[BlackElo "1925"]

1. e4 e6 2. d4 d5 3. Nd2 Nf6 4. e5 Nfd7 5. f4 b6 6. Ndf3 Ba6 7. Bxa6 Nxa6 8. Ne2
Be7 9. O-O g6 10. c3 c5 11. Kh1 Qc7 12. Be3 Nab8 13. Qe1 Nc6 14. h3 Qb7 15. Qd2
c4 16. Qd1 b5 17. Bf2 a5 18. Bh4 b4 19. Ng3 a4 20. Bxe7 Nxe7 21. a3 bxc3 22. bxc3
O-O 23. Rb1 Qa6 24. Qd2 Rfb8 25. f5 exf5 26. Rxb8+ Rxb8 27. Qh6 Nf8 28. Qg5 Rb7
29. Nh4 Ne6 30. Qf6 Qb6 31. Rf3 Ng7 32. Qg5 Kh8 33. Nf1 Qe6 34. Nd2 Ng8 35. Rf1
Rb2 36. Nhf3 Qe7 37. Qf4 Nh5 38. Qh2 f4 39. Rd1 Ng3+ 40. Kg1 Qxa3 41. Nf1 Ne2+
42. Kh1 Qxc3 43. h4 Qb3 44. Re1 a3 45. h5 Ng3+ 46. Nxg3 fxg3 47. Qxg3 Rb1 48.
e6 f6 49. hxg6 Rxe1+ 50. Qxe1 Ne7 51. Qh4 Qb1+ 52. Kh2 Qxg6 53. Ne5 fxe5 54. Qxe7
Qh5+ 55. Kg1 Qd1+ 56. Kh2 Qh5+ 57. Kg1 Qd1+ 58. Kh2 1/2-1/2

[Event "65 Otwarte Mistrzostwa Woj. Kujawsko-Pomorskiego - Grupa A (Fide od 1700)"]
[Site "Szubin, ul. Kcynska 13 (Szubinski Dom Kultury)"]
[Date "2012-08-15"]
[Round "3.9"]
[White "Maksimenko, Andrei Jr"]
[Black "Haja, Jacek"]
[Result "1/2-1/2"]
[WhiteTitle "I"]
[BlackTitle "II"]
[WhiteElo "1890"]
[BlackElo "1772"]

1. e4 c6 2. d4 d5 3. Nc3 dxe4 4. Nxe4 Nf6 5. Ng3 g6 6. Nf3 Bg4 7. c3 Bxf3 8. Qxf3
Qd5 9. Be2 Qxf3 10. Bxf3 e6 11. Bf4 Nbd7 12. O-O-O Nd5 13. Be5 f6 14. Bxd5 cxd5
15. Bf4 g5 16. Bd2 Bd6 17. Rde1 Kf7 18. Rhf1 h5 19. f4 gxf4 20. Bxf4 Bxf4+ 21.
Rxf4 Rag8 22. Re2 Rg4 23. Nxh5 Rg5 24. g4 Rh6 25. Ref2 Ke7 26. h3 f5 27. R2f3
fxg4 28. hxg4 Rhg6 29. Kc2 Rxg4 30. Rf7+ Kd6 31. Rxd7+ Kxd7 32. Nf6+ Ke7 33. Nxg4
Rxg4 34. Rh3 Kd6 1/2-1/2

[Event "65 Otwarte Mistrzostwa Woj. Kujawsko-Pomorskiego - Grupa A (Fide od 1700)"]
[Site "Szubin, ul. Kcynska 13 (Szubinski Dom Kultury)"]
[Date "2012-08-15"]
[Round "4.1"]
[White "Khamitskiy, Sergei"]
[Black "Jaroch, Pawel"]
[Result "1/2-1/2"]
[WhiteTitle "IM"]
[BlackTitle "k"]
[WhiteElo "2273"]
[BlackElo "2233"]

1. d4 Nf6 2. c4 c5 3. d5 b5 4. Nf3 Bb7 5. a4 b4 6. Nbd2 d6 7. b3 g6 8. Bb2 Bg7
9. g3 O-O 10. Bg2 Nbd7 11. O-O Qc7 12. e4 Rae8 13. Qc2 h6 14. Rae1 e6 15. Bh3
exd5 16. exd5 Bc8 17. Qb1 Ne5 18. Bxc8 Nxf3+ 19. Nxf3 Qxc8 20. Kg2 a5 21. h3 Qd8
22. Qa1 Nh5 23. Bxg7 Nxg7 24. Qc1 Kh7 1/2-1/2

[Event "65 Otwarte Mistrzostwa Woj. Kujawsko-Pomorskiego - Grupa A (Fide od 1700)"]
[Site "Szubin, ul. Kcynska 13 (Szubinski Dom Kultury)"]
[Date "2012-08-15"]
[Round "4.2"]
[White "Zolnierowicz, Krzysztof"]
[Black "Bokiej, Przemyslaw"]
[Result "1/2-1/2"]
[WhiteTitle "IM"]
[BlackTitle "I++"]
[WhiteElo "2198"]
[BlackElo "2193"]

1. e4 e6 2. d4 d5 3. Nc3 Nc6 4. Nf3 Nf6 5. exd5 exd5 6. Bb5 Bb4 7. O-O O-O 8. Bg5
Bxc3 9. bxc3 Qd6 10. Bxf6 Qxf6 11. Qd2 Ne7 12. Ne5 a6 13. Bd3 c5 14. Rfe1 c4 15.
Bf1 Qd6 16. g3 f6 17. Nf3 Bd7 18. Nh4 b5 19. Ng2 Rfe8 20. Qf4 Qxf4 21. Nxf4 g5
22. Ne6 Bxe6 23. Rxe6 Kf7 24. Ree1 Nc6 25. Bg2 Rxe1+ 26. Rxe1 Ne7 27. Bh3 Rb8
28. a3 Rb6 29. Rb1 f5 30. a4 Kf6 31. axb5 Rxb5 32. Ra1 a5 33. Kf1 Nc8 34. Ke2
Nb6 35. Kd2 a4 36. Kc1 Ke6 37. Ra2 1/2-1/2

[Event "65 Otwarte Mistrzostwa Woj. Kujawsko-Pomorskiego - Grupa A (Fide od 1700)"]
[Site "Szubin, ul. Kcynska 13 (Szubinski Dom Kultury)"]
[Date "2012-08-15"]
[Round "4.3"]
[White "Zebracki, Tomasz"]
[Black "Rak, Tomasz"]
[Result "0-1"]
[WhiteTitle "I"]
[BlackTitle "k"]
[WhiteElo "1942"]
[BlackElo "2066"]

1. d4 Nf6 2. Nc3 d5 3. Bg5 Bf5 4. Nf3 Ne4 5. Bf4 e6 6. Nb5 Na6 7. Nd2 g5 8. Be5
f6 9. Nxe4 fxe5 10. Ng3 Bg6 11. dxe5 h5 12. e3 h4 13. Ne2 c5 14. Nec3 Nb4 15.
Bd3 Nxd3+ 16. cxd3 a6 17. Na3 b5 18. Nc2 Qb6 19. d4 c4 20. a3 Be7 21. Qd2 Rd8
22. f3 a5 23. h3 Kf7 24. O-O Kg7 25. Kh1 Kh6 26. Rfc1 Rhf8 27. Ne1 Ra8 28. Nd1
b4 29. a4 Rac8 30. f4 Be4 31. Nf2 c3 32. bxc3 bxc3 33. fxg5+ Kg6 34. Rxc3 Rxf2
35. Qxf2 Rxc3 36. Nf3 Qc6 37. Nxh4+ Kg7 38. Rf1 Qe8 39. Qg3 Qh5 40. Rf6 Rc2 41.
Kh2 Qxh4 42. Rf7+ Kxf7 43. g6+ Kg7 44. Qxh4 Rxg2+ 0-1

[Event "65 Otwarte Mistrzostwa Woj. Kujawsko-Pomorskiego - Grupa A (Fide od 1700)"]
[Site "Szubin, ul. Kcynska 13 (Szubinski Dom Kultury)"]
[Date "2012-08-15"]
[Round "4.4"]
[White "Kroczka, Gromoslaw"]
[Black "Zebracki, Jaroslaw"]
[Result "0-1"]
[WhiteTitle "II"]
[BlackTitle "II"]
[WhiteElo "1571"]
[BlackElo "1838"]

1. e4 d5 2. exd5 Qxd5 3. Nc3 Qa5 4. d4 Nf6 5. Nf3 Nc6 6. Bd2 Bg4 7. Be2 O-O-O 8.
Ng5 Bxe2 9. Nxe2 Qd5 10. Nf3 e5 11. Be3 exd4 12. Nexd4 Nxd4 13. Qxd4 Qa5+ 14.
Bd2 Qa6 15. Qf4 Bd6 16. Qf5+ Kb8 17. O-O-O Qxa2 18. Qa5 Qxa5 19. Bxa5 Ng4 20.
Rhf1 Bf4+ 21. Bd2 Bd6 22. h3 Ne5 23. Nxe5 Bxe5 24. Bg5 f6 25. Be3 b6 26. f4 Bd6
27. f5 Rhe8 28. Bd4 Re2 29. g4 Rde8 30. Rd2 Re1+ 31. Rxe1 Rxe1+ 32. Rd1 0-1

[Event "65 Otwarte Mistrzostwa Woj. Kujawsko-Pomorskiego - Grupa A (Fide od 1700)"]
[Site "Szubin, ul. Kcynska 13 (Szubinski Dom Kultury)"]
[Date "2012-08-15"]
[Round "4.5"]
[White "Olszewski, Marek"]
[Black "Sliwicki, Damian"]
[Result "0-1"]
[WhiteTitle "k+"]
[BlackTitle "I"]
[WhiteElo "2084"]
[BlackElo "1994"]

1. e4 c5 2. Nf3 Nc6 3. Bb5 g6 4. Bxc6 dxc6 5. h3 Bg7 6. d3 Nh6 7. O-O O-O 8. Nc3
b6 9. Be3 f6 10. Nh2 e5 11. f4 exf4 12. Bxf4 Nf7 13. Nf3 Be6 14. Qe1 Qe7 15. Qg3
Rad8 16. a4 Rd7 17. a5 Nd8 18. e5 f5 19. axb6 axb6 20. Ra6 b5 21. Bg5 Qe8 22.
Ra8 Qf7 23. Qh4 Nb7 24. Rxf8+ Qxf8 25. Ra1 c4 26. d4 h6 27. Be3 b4 28. Ne2 Bd5
29. Qe1 Nd8 30. Ra8 Qe7 31. Bd2 c5 32. Ra6 Bxf3 33. gxf3 cxd4 34. Rxg6 Qxe5 35.
Nf4 Qxe1+ 36. Bxe1 Kh7 37. Rg2 Nc6 38. Ne6 Re7 39. Rxg7+ Rxg7+ 40. Nxg7 Kxg7 41.
Kf2 c3 42. bxc3 bxc3 43. Ke2 Nb4 44. Kd1 Nd5 45. Bf2 Ne3+ 46. Bxe3 dxe3 47. f4
Kg6 48. Ke2 Kh5 49. Kxe3 Kh4 50. Kd3 Kxh3 51. Kxc3 Kg4 52. Kd4 h5 53. c4 h4 54.
c5 h3 55. c6 h2 56. c7 h1=Q 57. c8=Q Qe4+ 58. Kc3 Kxf4 59. Kd2 Kf3 60. Qc3+ Kf2
61. Qc5+ Kg2 62. Kd1 Qf3+ 0-1

[Event "65 Otwarte Mistrzostwa Woj. Kujawsko-Pomorskiego - Grupa A (Fide od 1700)"]
[Site "Szubin, ul. Kcynska 13 (Szubinski Dom Kultury)"]
[Date "2012-08-15"]
[Round "4.6"]
[White "Szczepaniec, Stanislaw"]
[Black "Konieczynski, Piotr"]
[Result "1-0"]
[WhiteTitle "k"]
[BlackTitle "I"]
[WhiteElo "2052"]
[BlackElo "1925"]

1. c4 e6 2. Nf3 Nf6 3. g3 d5 4. Bg2 Be7 5. d4 O-O 6. Qc2 Nbd7 7. O-O c5 8. cxd5
Nxd5 9. Rd1 b6 10. Ne5 Nxe5 11. dxe5 Bb7 12. Nc3 Rc8 13. a3 Qc7 14. Nxd5 exd5
15. Bxd5 Bxd5 16. Rxd5 Rcd8 17. Rxd8 Rxd8 18. f4 c4 19. Be3 Bc5 20. Bxc5 Qxc5+
21. Kg2 Qd5+ 22. Kh3 h5 23. Rf1 b5 24. Qc3 Qd2 25. e4 Qxc3 26. bxc3 Rd3 27. Rc1
Rd2 28. a4 bxa4 29. Ra1 Rc2 30. Rxa4 Rxc3 31. Rxa7 Rc2 32. Ra8+ Kh7 33. Rf8 Re2
34. Rxf7 Rxe4 35. Rc7 Kg6 36. Kh4 Kh6 37. Rc6+ g6 38. Kh3 Kg7 39. Kg2 Re2+ 40.
Kf3 Rxh2 41. Rxc4 h4 42. g4 Rh3+ 43. Ke4 Rg3 44. Rc7+ Kg8 45. g5 h3 46. Rc2 Kf7
47. Rd2 Ke7 48. Kd5 Rf3 49. Ra2 Rxf4 50. Ra7+ Kf8 51. Rh7 Rf5 52. Kd6 Rf3 53.
e6 1-0

[Event "65 Otwarte Mistrzostwa Woj. Kujawsko-Pomorskiego - Grupa A (Fide od 1700)"]
[Site "Szubin, ul. Kcynska 13 (Szubinski Dom Kultury)"]
[Date "2012-08-15"]
[Round "4.7"]
[White "Lech, Piotr"]
[Black "Zielinski, Olgierd"]
[Result "0-1"]
[WhiteTitle "I"]
[BlackTitle "I"]
[WhiteElo "1886"]
[BlackElo "1851"]

1. d4 d5 2. c4 dxc4 3. Nf3 Nf6 4. e3 e6 5. Bxc4 a6 6. a4 c5 7. O-O Nc6 8. Qe2 cxd4
9. Rd1 d3 10. Rxd3 Qc7 11. e4 Bd6 12. Rxd6 Qxd6 13. e5 Nxe5 14. Nxe5 O-O 15. Nc3
Nd7 16. Bf4 Nxe5 17. Bxe5 Qc6 18. Rd1 b6 19. Qg4 f6 20. Rd6 Qc5 21. Bxe6+ Kh8
22. Rd5 Qe7 23. Bxc8 fxe5 24. Rd7 Qf6 25. Ne4 Qh6 26. Bb7 Rad8 27. Rxd8 Rxd8 28.
Ng5 Qxg5 0-1

[Event "65 Otwarte Mistrzostwa Woj. Kujawsko-Pomorskiego - Grupa A (Fide od 1700)"]
[Site "Szubin, ul. Kcynska 13 (Szubinski Dom Kultury)"]
[Date "2012-08-15"]
[Round "4.8"]
[White "Karpus, Michal"]
[Black "Mlodzinska, Irena"]
[Result "1-0"]
[WhiteTitle "II"]
[BlackTitle "I+"]
[WhiteElo "1698"]
[BlackElo "1916"]

1. e4 c5 2. c3 d6 3. d4 cxd4 4. cxd4 g6 5. Be3 Bg7 6. Nc3 Nf6 7. f3 O-O 8. Qd2
Nc6 9. O-O-O a6 10. Nge2 b5 11. Kb1 Bd7 12. Rc1 Rb8 13. g4 b4 14. Nd1 a5 15. Bh6
a4 16. Bxg7 Kxg7 17. h4 h5 18. gxh5 Nxh5 19. Ne3 Na5 20. Rg1 Rh8 21. f4 e6 22.
d5 Qb6 23. Nd4 Nxf4 24. dxe6 fxe6 25. Be2 Nxe2 26. Nxe2 Rxh4 27. Ng4 Bc6 28. Nf6
Nc4 29. Rxc4 Bb5 30. Qg5 Qxg1+ 31. Nxg1 Bxc4 32. Qxh4 Bd3+ 33. Kc1 Rf8 34. Ng4
Rf1+ 35. Kd2 Bxe4 36. Ne3 Rxg1 37. Qxe4 e5 38. Qxb4 Kf6 39. Qxd6+ 1-0

[Event "65 Otwarte Mistrzostwa Woj. Kujawsko-Pomorskiego - Grupa A (Fide od 1700)"]
[Site "Szubin, ul. Kcynska 13 (Szubinski Dom Kultury)"]
[Date "2012-08-15"]
[Round "4.9"]
[White "Szybowicz, Piotr"]
[Black "Haja, Jacek"]
[Result "0-1"]
[WhiteTitle "I"]
[BlackTitle "II"]
[WhiteElo "1925"]
[BlackElo "1772"]

1. d4 Nf6 2. b3 e6 3. Bb2 d5 4. e3 b6 5. Nf3 Bb7 6. c4 dxc4 7. bxc4 c5 8. Bd3 cxd4
9. exd4 Bb4+ 10. Nbd2 Bxd2+ 11. Qxd2 O-O 12. O-O-O Nbd7 13. Ng5 h6 14. h4 hxg5
15. hxg5 Ne4 16. Bxe4 Bxe4 17. Qf4 Bg6 18. Qh4 f6 19. d5 e5 20. f4 fxg5 21. fxg5
Rf4 22. Qg3 Rxc4+ 23. Kd2 Rc2+ 24. Ke3 Rxb2 25. Qh4 b5 26. Qh8+ Kf7 27. Rdf1+
Nf6 28. Rxf6+ gxf6 29. Rh7+ Bxh7 30. Qxh7+ Ke8 31. g6 Qb6+ 32. Ke4 Qd4+ 33. Kf5
Rf2+ 34. Ke6 Qg4+ 35. Kd6 Rd8+ 36. Kc6 Rc2+ 37. Kb7 Qc8+ 38. Kxa7 Qc5+ 39. Ka6
Rxa2+ 40. Kb7 Ra7# 0-1

[Event "65 Otwarte Mistrzostwa Woj. Kujawsko-Pomorskiego - Grupa A (Fide od 1700)"]
[Site "Szubin, ul. Kcynska 13 (Szubinski Dom Kultury)"]
[Date "2012-08-15"]
[Round "5.1"]
[White "Jaroch, Pawel"]
[Black "Bokiej, Przemyslaw"]
[Result "1-0"]
[WhiteTitle "k"]
[BlackTitle "I++"]
[WhiteElo "2233"]
[BlackElo "2193"]

1. d4 c5 2. d5 e5 3. e4 d6 4. Nc3 Be7 5. Nf3 Bg4 6. Be3 Bxf3 7. Qxf3 Bg5 8. Bxg5
Qxg5 9. Nb5 Qd8 10. Qg4 g6 11. Nxd6+ Qxd6 12. Qc8+ Qd8 13. Bb5+ Nd7 14. Bxd7+
Kf8 15. Qxc5+ Kg7 16. Bh3 Qh4 17. O-O Nf6 18. f3 Nh5 19. Qf2 Qg5 20. g3 f5 21.
Bg2 Rhf8 22. Qe2 f4 23. g4 Nf6 24. Qf2 Nd7 25. c4 Qe7 26. h4 g5 27. h5 Rfc8 28.
Rfc1 Rc7 29. Bf1 b6 30. Qd2 Qd6 31. b4 a5 32. a3 Kf6 33. Kg2 Ke7 34. c5 bxc5 35.
bxa5 Rb7 36. Rab1 Rab8 37. Rxb7 Rxb7 38. Qc3 Qb8 39. Bc4 Kd6 40. Rc2 h6 41. a6
Rb6 42. a4 Qc7 43. Bb5 Nb8 44. a7 1-0

[Event "65 Otwarte Mistrzostwa Woj. Kujawsko-Pomorskiego - Grupa A (Fide od 1700)"]
[Site "Szubin, ul. Kcynska 13 (Szubinski Dom Kultury)"]
[Date "2012-08-15"]
[Round "5.2"]
[White "Zebracki, Jaroslaw"]
[Black "Khamitskiy, Sergei"]
[Result "0-1"]
[WhiteTitle "II"]
[BlackTitle "IM"]
[WhiteElo "1838"]
[BlackElo "2273"]

1. e4 e6 2. d4 d5 3. exd5 exd5 4. Nf3 Bg4 5. h3 Bh5 6. Qe2+ Qe7 7. Be3 Nc6 8. Nc3
O-O-O 9. O-O-O f6 10. g4 Bf7 11. Nd2 h5 12. g5 h4 13. Qb5 Bh5 14. Nb3 Qb4 15.
Re1 Nge7 16. Bd3 a6 17. Qa4 Qxa4 18. Nxa4 Nb4 19. Bf1 Nxa2+ 20. Kd2 Nb4 21. c3
Nbc6 22. Nac5 Nf5 23. Ne6 Nxe3 24. Rxe3 Re8 25. Bd3 fxg5 26. Bf5 Kb8 27. Rhe1
g6 28. Bd3 Bh6 29. f3 g4 30. f4 gxh3 31. Nbc5 Kc8 32. Rxh3 Nd8 33. Rxh4 Nxe6 34.
Rxe6 Rxe6 35. Nxe6 Re8 36. Nc5 Rf8 37. Bxg6 Bxf4+ 38. Rxf4 Rxf4 39. Bxh5 a5 40.
Kc2 b6 41. Nd3 Rh4 42. Bf7 c6 43. Kb3 Kc7 44. Ne5 Kd6 45. Nd3 c5 46. dxc5+ bxc5
47. Ka2 Rh7 48. Be8 Re7 49. Bb5 Rb7 50. Ba4 Rf7 51. Nc1 Kc7 52. Bb3 Kc6 53. Ba4+
Kb6 54. Nb3 Rf4 55. Kb1 Rxa4 56. Kc2 Rh4 57. Nc1 Rh2+ 58. Kb3 Kb5 59. Ka3 Rd2
60. Nb3 Rd1 61. Ka2 a4 62. Na1 Rc1 0-1

[Event "65 Otwarte Mistrzostwa Woj. Kujawsko-Pomorskiego - Grupa A (Fide od 1700)"]
[Site "Szubin, ul. Kcynska 13 (Szubinski Dom Kultury)"]
[Date "2012-08-15"]
[Round "5.3"]
[White "Rak, Tomasz"]
[Black "Szczepaniec, Stanislaw"]
[Result "1-0"]
[WhiteTitle "k"]
[BlackTitle "k"]
[WhiteElo "2066"]
[BlackElo "2052"]

1. d4 Nf6 2. Nf3 g6 3. c4 Bg7 4. Nc3 d6 5. h3 O-O 6. e4 Nbd7 7. Bd3 e5 8. d5 Nc5
9. Bc2 a5 10. Bg5 h6 11. Be3 b6 12. Qd2 Kh7 13. g4 Ng8 14. O-O-O Bd7 15. a4 Qe8
16. b3 Qe7 17. Rdg1 f5 18. gxf5 gxf5 19. exf5 Bxf5 20. Bxf5+ Rxf5 21. Qc2 Raf8
22. Ne4 Nxb3+ 23. Qxb3 Rxf3 24. Qc2 Kh8 25. h4 Bf6 26. Rg6 Qh7 27. h5 Bg5 28.
Bxg5 hxg5 29. Nxg5 Rxf2 30. Nxh7 Rxc2+ 31. Kxc2 Rf2+ 32. Kc3 Kxh7 33. Rhg1 Nf6
34. Rg7+ Kh8 35. Rxc7 Ne4+ 36. Kd3 Nc5+ 37. Ke3 Rc2 38. h6 Rxc4 39. Rgg7 Re4+
40. Kf3 Rf4+ 41. Kg2 1-0

[Event "65 Otwarte Mistrzostwa Woj. Kujawsko-Pomorskiego - Grupa A (Fide od 1700)"]
[Site "Szubin, ul. Kcynska 13 (Szubinski Dom Kultury)"]
[Date "2012-08-15"]
[Round "5.4"]
[White "Zielinski, Olgierd"]
[Black "Zolnierowicz, Krzysztof"]
[Result "1/2-1/2"]
[WhiteTitle "I"]
[BlackTitle "IM"]
[WhiteElo "1851"]
[BlackElo "2198"]

1. e4 c5 2. Nf3 d6 3. d4 Nf6 4. Nc3 cxd4 5. Nxd4 a6 6. Bg5 e6 7. Bd3 Be7 8. Qd2
b5 9. a3 Bb7 10. f3 Nbd7 11. O-O O-O 12. Kh1 Rc8 13. Rae1 h6 14. Be3 d5 15. exd5
Nxd5 16. Nxd5 Bxd5 17. c3 Ne5 18. Bb1 Nc4 19. Qc2 f5 20. Bc1 Qb6 21. Qe2 Bf6 22.
Nc2 Rfe8 23. Ne3 Nxe3 24. Bxe3 Qb7 25. Qf2 Bc4 26. Rg1 Rcd8 27. Rd1 Bb3 28. Bc2
Bd5 29. Rd2 a5 30. Bb6 Ra8 31. Rgd1 Bg5 32. Be3 Bxe3 33. Qxe3 b4 34. c4 Bc6 35.
a4 Qa7 36. Qxa7 Rxa7 37. b3 Kf7 38. Kg1 Ke7 39. Kf2 Rd7 40. Rxd7+ Bxd7 41. Ke3
g5 42. Kd4 Rc8 43. Re1 Kd6 44. Re5 Ra8 45. Bd3 Bc6 46. h3 g4 47. hxg4 fxg4 48.
c5+ Kd7 49. fxg4 Rg8 50. Be2 Rf8 51. Bc4 Rf4+ 52. Ke3 Rf6 53. Bb5 Rg6 54. Kf4
Rf6+ 55. Ke3 Rg6 56. Kf4 Rf6+ 57. Kg3 Kc7 58. Bxc6 Kxc6 59. Kh4 Rf2 60. Rxe6+
Kxc5 61. Rxh6 Rxg2 62. Rf6 1/2-1/2

[Event "65 Otwarte Mistrzostwa Woj. Kujawsko-Pomorskiego - Grupa A (Fide od 1700)"]
[Site "Szubin, ul. Kcynska 13 (Szubinski Dom Kultury)"]
[Date "2012-08-15"]
[Round "5.5"]
[White "Sliwicki, Damian"]
[Black "Karpus, Michal"]
[Result "1-0"]
[WhiteTitle "I"]
[BlackTitle "II"]
[WhiteElo "1994"]
[BlackElo "1698"]

1. e4 e6 2. d4 d5 3. Nd2 dxe4 4. Nxe4 Bd7 5. Bd3 Bc6 6. Nf3 Nd7 7. c4 Ngf6 8. Nc3
Bxf3 9. Qxf3 c5 10. Qxb7 cxd4 11. Nb5 Bb4+ 12. Bd2 Bxd2+ 13. Kxd2 O-O 14. Qc7
e5 15. Qxd8 Rfxd8 16. Rhe1 Rab8 17. b3 a6 18. Nd6 g6 19. f3 Rb6 20. Ne4 Nxe4+
21. Bxe4 f5 22. Bd3 Re8 23. g4 fxg4 24. fxg4 Rf6 25. Re2 Rf4 26. Rae1 Rxg4 27.
Be4 Nf6 28. Bc6 Rc8 29. Bd5+ Nxd5 30. cxd5 d3 31. Rxe5 Rd4 32. Ke3 d2 33. Rd1
Rh4 34. d6 Rd8 35. Rxd2 Rb4 36. d7 Rbb8 37. Re7 a5 38. Kd4 Kf8 39. Rxh7 Kg8 40.
Re7 Kf8 41. Rde2 Ra8 42. a3 Rab8 43. Kc5 Ra8 44. b4 g5 45. b5 a4 46. b6 g4 47.
b7 Rab8 48. Re8+ 1-0

[Event "65 Otwarte Mistrzostwa Woj. Kujawsko-Pomorskiego - Grupa A (Fide od 1700)"]
[Site "Szubin, ul. Kcynska 13 (Szubinski Dom Kultury)"]
[Date "2012-08-15"]
[Round "5.6"]
[White "Haja, Jacek"]
[Black "Zebracki, Tomasz"]
[Result "0-1"]
[WhiteTitle "II"]
[BlackTitle "I"]
[WhiteElo "1772"]
[BlackElo "1942"]

1. e4 e6 2. d4 d5 3. e5 c5 4. c3 Nc6 5. Nf3 Qb6 6. a3 c4 7. Nbd2 Na5 8. g3 Bd7
9. Bh3 Ne7 10. O-O h6 11. Nh4 Nf5 12. Ng2 Be7 13. Bxf5 exf5 14. Ne3 Qe6 15. f4
O-O-O 16. b4 cxb3 17. Nxb3 Ba4 18. Nc5 Bxd1 19. Nxe6 fxe6 20. Rxd1 Kd7 21. Rb1
b6 22. Kg2 Rc8 23. Rd3 Rc6 24. Bb2 g5 25. Kf3 b5 26. a4 bxa4 27. Ra1 Nc4 28. Nxc4
Rxc4 29. Ba3 Bxa3 30. Rxa3 g4+ 31. Ke2 Rb8 32. Ra2 Rb1 33. Rdd2 Rb3 34. Rdc2 Rbxc3
35. Rxc3 Rxc3 36. Rxa4 Rc7 37. Kd3 Kc8 38. Ra6 Re7 39. Kc3 Kb7 40. Rd6 Rc7+ 41.
Kb3 Rc6 42. Rd7+ Kb6 43. Rh7 a5 44. Rxh6 Kb5 45. h4 gxh3 46. Rxh3 a4+ 47. Kb2
Kc4 48. Ka3 Kxd4 49. Kxa4 Ke3 50. Kb5 Rc1 51. Rh6 d4 52. Rxe6 d3 53. Rd6 d2 54.
e6 Ke2 55. g4 fxg4 56. f5 g3 57. e7 g2 58. f6 g1=Q 59. Re6+ Kf3 60. f7 Qc5+ 61.
Ka4 d1=Q# 0-1

[Event "65 Otwarte Mistrzostwa Woj. Kujawsko-Pomorskiego - Grupa A (Fide od 1700)"]
[Site "Szubin, ul. Kcynska 13 (Szubinski Dom Kultury)"]
[Date "2012-08-15"]
[Round "5.7"]
[White "Maksimenko, Andrei Jr"]
[Black "Olszewski, Marek"]
[Result "1/2-1/2"]
[WhiteTitle "I"]
[BlackTitle "k+"]
[WhiteElo "1890"]
[BlackElo "2084"]

1. e4 Nc6 2. Nf3 d6 3. d4 Nf6 4. Nc3 Bg4 5. Be3 e6 6. h3 Bh5 7. d5 exd5 8. exd5
Ne5 9. g4 Nxf3+ 10. Qxf3 Bg6 11. O-O-O Be7 12. Qg2 a6 13. f4 h6 14. h4 h5 15.
g5 Ng4 16. Bd4 O-O 17. Ne2 c5 18. dxc6 bxc6 19. Qf3 f5 20. Qxc6 Qa5 21. Nc3 Kh7
22. Qb7 Rfe8 23. Bb6 Qb4 24. Nd5 Qa4 25. Nc3 Qxf4+ 26. Kb1 Bf8 27. Nd5 Qg3 28.
Bd3 Reb8 29. Qc7 Kh8 30. Bd4 Re8 31. Nb6 Rab8 32. Bxa6 Ne5 33. Bb5 Red8 34. Rhg1
Qf4 35. Rgf1 Qe4 36. Rfe1 Qg4 37. Bxe5 Qb4 38. a4 dxe5 39. Rxd8 Qxe1+ 40. Ka2
Rxd8 41. Qxd8 Qb4 42. Nd7 Bf7+ 43. b3 Bxb3+ 44. cxb3 Qd2+ 45. Kb1 Qd1+ 46. Kb2
1/2-1/2

[Event "65 Otwarte Mistrzostwa Woj. Kujawsko-Pomorskiego - Grupa A (Fide od 1700)"]
[Site "Szubin, ul. Kcynska 13 (Szubinski Dom Kultury)"]
[Date "2012-08-15"]
[Round "5.8"]
[White "Konieczynski, Piotr"]
[Black "Kroczka, Gromoslaw"]
[Result "1-0"]
[WhiteTitle "I"]
[BlackTitle "II"]
[WhiteElo "1925"]
[BlackElo "1571"]

1. d4 Nf6 2. Nf3 c5 3. d5 e6 4. Nc3 exd5 5. Nxd5 Nxd5 6. Qxd5 Be7 7. e4 O-O 8.
Be2 Nc6 9. c3 d6 10. O-O Be6 11. Qh5 f5 12. Ng5 Bxg5 13. Bxg5 Qe8 14. Rfd1 Bf7
15. Qh4 h6 16. Be3 fxe4 17. Rxd6 Qe7 18. Qg3 Kh7 19. Bxc5 Qe5 20. Qxe5 Nxe5 21.
b3 b6 22. Bd4 Nd3 23. Rd7 Kg6 24. g3 Rfd8 25. Rc7 Rdc8 26. Rb7 Nc5 27. Bh5+ Kxh5
28. Rxf7 g5 29. Re1 Kg6 30. Rf6+ Kh7 31. b4 Na4 32. Rxe4 Nxc3 33. Re7+ Kg8 34.
Rxh6 1-0

[Event "65 Otwarte Mistrzostwa Woj. Kujawsko-Pomorskiego - Grupa A (Fide od 1700)"]
[Site "Szubin, ul. Kcynska 13 (Szubinski Dom Kultury)"]
[Date "2012-08-15"]
[Round "5.9"]
[White "Mlodzinska, Irena"]
[Black "Lech, Piotr"]
[Result "1/2-1/2"]
[WhiteTitle "I+"]
[BlackTitle "I"]
[WhiteElo "1916"]
[BlackElo "1886"]

1. e4 e5 2. Nf3 Nf6 3. d4 exd4 4. e5 Ne4 5. Qxd4 d5 6. exd6 Nxd6 7. Nc3 Nc6 8.
Bb5 Nxb5 9. Qxd8+ Kxd8 10. Nxb5 Bb4+ 11. c3 a6 12. Nxc7 Kxc7 13. cxb4 Re8+ 14.
Be3 Nxb4 15. O-O Nd3 16. Bd4 Bg4 17. Rfd1 Bxf3 18. Rxd3 Bc6 19. Bxg7 Rad8 20.
Rxd8 Rxd8 21. Bc3 Ba4 22. b3 Bc6 23. h4 Rd3 24. Rc1 Kd7 25. a4 Bd5 26. b4 Bb3
27. a5 Rd1+ 28. Rxd1+ Bxd1 29. Bd4 Ke6 30. Kh2 Kf5 31. Kg3 h5 32. f3 Be2 33. Be3
Bd1 34. Kf2 Ba4 35. Bg5 Bb5 36. Be7 Bc4 37. g3 Bd5 38. Ke3 Bc6 39. Bd6 Bd5 1/2-1/2

[Event "65 Otwarte Mistrzostwa Woj. Kujawsko-Pomorskiego - Grupa A (Fide od 1700)"]
[Site "Szubin, ul. Kcynska 13 (Szubinski Dom Kultury)"]
[Date "2012-08-15"]
[Round "6.1"]
[White "Rak, Tomasz"]
[Black "Jaroch, Pawel"]
[Result "1/2-1/2"]
[WhiteTitle "k"]
[BlackTitle "k"]
[WhiteElo "2066"]
[BlackElo "2233"]

1. d4 Nf6 2. Nf3 c5 3. c4 cxd4 4. Nxd4 e5 5. Nb5 d5 6. cxd5 Bc5 7. N1c3 a6 8. Na3
b5 9. Nc2 Bb7 10. e4 O-O 11. Bd3 Nbd7 12. Be3 Bxe3 13. Nxe3 Nc5 14. b4 Nxd3+ 15.
Qxd3 Qb6 16. O-O Qd4 17. Rfd1 Qxb4 18. Rab1 Qc5 1/2-1/2

[Event "65 Otwarte Mistrzostwa Woj. Kujawsko-Pomorskiego - Grupa A (Fide od 1700)"]
[Site "Szubin, ul. Kcynska 13 (Szubinski Dom Kultury)"]
[Date "2012-08-15"]
[Round "6.2"]
[White "Khamitskiy, Sergei"]
[Black "Sliwicki, Damian"]
[Result "1-0"]
[WhiteTitle "IM"]
[BlackTitle "I"]
[WhiteElo "2273"]
[BlackElo "1994"]

1. d4 Nf6 2. Nf3 g6 3. c4 Bg7 4. Nc3 d5 5. Bf4 O-O 6. e3 c5 7. dxc5 Qa5 8. Rc1
dxc4 9. Bxc4 Ne4 10. Be5 Nc6 11. Bxg7 Kxg7 12. O-O Nxc5 13. Nd5 Qd8 14. b4 Nd7
15. b5 Na5 16. Qd4+ Nf6 17. Nxf6 Qxd4 18. Nh5+ Kh6 19. Nxd4 Nxc4 20. Rxc4 Kxh5
21. f4 Kh6 22. Rc7 Re8 23. h3 Kg7 24. Rfc1 Kf8 25. Kf2 b6 26. a4 a6 27. R1c6 axb5
28. axb5 Rb8 29. Ra7 Bb7 30. Rxb6 Bd5 31. Rxb8 Rxb8 32. g4 e6 33. g5 Bc4 34. Ra4
Bd3 35. Ra3 Be4 36. Rb3 Rb6 1-0